000
00213nam a2200097Ia 4500
001
994652
005
20250826221431.0
008
250824s9999 xx 000 0 und d
245
0
_a
NEDEN EVREN
260
_b
HEP KİTAP
999
_c
994652
_d
994652